| 000 | 03355cam a22003738i 4500 | ||
|---|---|---|---|
| 001 | 21680026 | ||
| 003 | EG-ScBUE | ||
| 005 | 20221221100534.0 | ||
| 008 | 200819s2021 enka f b 001 0 eng d | ||
| 020 | _a9780367524432 | ||
| 040 |
_aDLC _beng _erda _cDLC _dEG-ScBUE |
||
| 082 | 0 | 4 |
_a729 _bUNW _222 |
| 100 | 1 |
_aUnwin, Simon, _d1952- _eauthor. |
|
| 245 | 1 | 0 |
_aAnalysing architecture : _bthe universal language of place-making / _cSimon Unwin. |
| 250 |
_aFifth edition, _brevised and with new chapters. |
||
| 264 | 1 |
_aAbingdon, Oxon ; _aNew York : _bRoutledge, _c2021. |
|
| 300 |
_a326 pages : _billustrations ; _c28 cm. |
||
| 336 |
_atext _btxt _2rdacontent |
||
| 337 |
_aunmediated _bn _2rdamedia |
||
| 338 |
_avolume _bnc _2rdacarrier |
||
| 490 | 0 | _aThe analysing architecture notebook series | |
| 504 | _aIncludes bibliographical references and index. | ||
| 505 | 0 | _aArchitecture as Intellectual Structure and Identification of Place -- Basic Elements of Architecture -- Modifying Elements of Architecture -- Elements Doing More Than One Thing -- Using Things That Are There -- Primitive Place Types -- Architecture as Making Frames -- Geometries of Being -- Ideal Geometry -- Themes in Spatial Organisation: Space and Structure -- Parallel Walls -- Axis -- Grid -- Datum Place -- Stratification -- Transition, Hierarchy, Heart -- In-between -- Inhabited Wall -- Hidden -- Refuge and Prospect -- Temples and Cottages -- How Analysis Can Help Design. | |
| 520 |
_a"Now in its fifth edition, Analysing Architecture has become internationally established as the best introduction to architecture. Aimed primarily at those studying architecture, it offers a clear and accessible insight into the workings of this rich and fascinating subject. With copious illustrations from his own notebooks, the author dissects examples from around the world and all periods of history to explain underlying strategies in architectural design and show how drawing may be used as a medium for analysis. This new edition of Analysing Architecture is revised and expanded. Notably, the chapter on 'How Analysis Helps Design' has been redeveloped to clearly explain this crucially important subject to a beginner audience. Two new chapters have been added to the section on 'Themes in Spatial Organisation', covering 'Axis', and 'The Hidden'. The 'Introduction' has been completely rewritten and the format revised. Works of architecture are instruments for managing, orchestrating, modifying our relationship with the world around us. They frame just about everything we do. Architecture is complex, subtle, frustrating... but ultimately extremely rewarding. It can be a difficult discipline to get to grips with; nothing in school quite prepares anyone for the particular demands of an architecture course. But this book will help"-- _cProvided by publisher. |
||
| 650 | 7 |
_aArchitectural design. _2BUEsh |
|
| 650 | 7 |
_aArchitectural design _vCase studies. _2BUEsh |
|
| 653 |
_bENGARC _cAugust2021 |
||
| 655 |
_vReading book _934232 |
||
| 776 | 0 | 8 |
_iOnline version: _aUnwin, Simon, 1952- _tAnalysing architecture _b5. _dAbingdon, Oxon ; New York : Routledge, 2021 _z9781003058007 _w(DLC) 2020037812 |
| 906 |
_a7 _bcbc _corignew _d1 _eecip _f20 _gy-gencatlg |
||
| 942 |
_2ddc _cBB |
||
| 999 |
_c29312 _d29283 |
||